Pokemon 1. Generation nach Buchstabe A - Statistiken

Allgemein
  • Dieses Quiz wurde 64 mal gespielt
  • Das Durchschnittsergebnis liegt bei 7 aus 10
Antwortstatistiken
Antwort % Korrekt
Arktos
90%
Amonitas
80%
Arbok
76%
Abra
69%
Amoroso
69%
Arkani
64%
Austos
63%
Alpollo
61%
Aerodactyl
56%
Aquana
49%
Keine übereinstimmenden Quizze gefunden
Verteilung der Resultate
Anzahl Personen mit jedem Resultat
Perzentil nach korrekt beantworteten Fragen
Ihre Resultats-Entwicklung
Sie haben dieses Quiz noch nicht gespielt